Albrecht Dürer... / (Record no. 141992)

MARC details
000 -LEADER
campo de control de longitud fija 00512nam a2200181 i 4500
001 - NÚMERO DE CONTROL
campo de control 141992
003 - IDENTIFICADOR DE NÚMERO DE CONTROL
campo de control ES-MaACL
005 - FECHA Y HORA DE LA ÚLTIMA TRANSACCIÓN
campo de control 20250623142536.0
007 - CAMPO FIJO DE DESCRIPCIÓN FÍSICA--INFORMACIÓN GENERAL
campo de control de longitud fija t|
008 - DATOS DE LONGITUD FIJA--INFORMACIÓN GENERAL
campo de control de longitud fija 071001s1923 gw ||||1| ger d
100 1# - ENTRADA PRINCIPAL--NOMBRE DE PERSONA
Nombre de persona Waldmann, Emil.
9 (RLIN) 115899
245 10 - MENCIÓN DEL TÍTULO
Título Albrecht Dürer... /
Mención de responsabilidad, etc. von E. Waldmann.
260 ## - PUBLICACIÓN, DISTRIBUCIÓN, ETC.
Lugar de publicación, distribución, etc. Leipzig :
Nombre del editor, distribuidor, etc. Insel-Verl,
Fecha de publicación, distribución, etc. [1923]
300 ## - DESCRIPCIÓN FÍSICA
Extensión 141 p., 192 lám. ;
Dimensiones 23 cm.
600 14 - PUNTO DE ACCESO ADICIONAL DE MATERIA--NOMBRE DE PERSONA
Nombre de persona Dürer, Albrecht,
Fechas asociadas al nombre 1471-1528
9 (RLIN) 240966
852 ## - LOCALIZACIÓN
Ubicación ES-MaACL
Número de control de estantería B-9572
Sublocalización o colección R.19132
Holdings
Estatus retirado Estado de pérdida Estado de daño No para préstamo Biblioteca de origen Biblioteca actual Ubicación en estantería Fecha de adquisición Fuente de adquisición Total de préstamos Signatura topográfica completa Código de barras Visto por última vez Precio de reemplazo Tipo de ítem Koha
        Biblioteca del Ateneo de Madrid Biblioteca del Ateneo de Madrid Sala Pardo Bazán 17/01/2008     B-9572 1147745 23/02/2023 23/02/2023 Libro impreso